000 00614cam a2200181 a 4500
005 20250901165531.0
008 901004s1991 nyuc b 001 0aeng
010 _a 90020347
020 _a0671684590
050 0 0 _aCT1118.O53 .W75 1991
_bW75 1991
082 0 0 _a949.507/6/092
_aB
_220
100 1 _aWright, William,
_d1930-2016.
245 1 0 _aAll the pain that money can buy :
_bthe life of Christina Onassis /
_cWilliam Wright.
260 _aNew York :
_bSimon & Schuster,
_cc1991.
300 _a399 p. :
_bports. ;
_c25 cm.
500 _aIncludes index.
942 _2lcc
_hCT1118.O53 .W75 1991
999 _c5430
_d5430